| Tag |
First Indicator |
Second Indicator |
Subfields |
| LEADER |
00000cam a22000004a 4500 |
| 001 |
in00002467460 |
| 005 |
20151110040826.0 |
| 008 |
080828s2009 dcua b 001 0 eng |
| 010 |
|
|
|a 2008038076
|
| 020 |
|
|
|a 9780872897632 (cloth : alk. paper)
|
| 020 |
|
|
|a 087289763X (cloth : alk. paper)
|
| 035 |
|
|
|a (OCoLC)ocn244695397
|
| 035 |
|
|
|a (OCoLC)244695397
|
| 040 |
|
|
|a DLC
|c DLC
|d YDX
|d YDXCP
|d UtOrBLW
|
| 043 |
|
|
|a n-us---
|
| 049 |
|
|
|a TXAM
|
| 050 |
0 |
0 |
|a JK554
|b .B67 2009
|
| 082 |
0 |
0 |
|a 973.09/9
|2 22
|
| 100 |
1 |
|
|a Bose, Meenekshi,
|d 1970-
|
| 245 |
1 |
4 |
|a The New York Times on the presidency, 1853-2008 /
|c Meena Bose.
|
| 264 |
|
1 |
|a Washington, D.C. :
|b CQ Press,
|c [2009]
|
| 264 |
|
4 |
|c ©2009
|
| 300 |
|
|
|a xii, 623 pages :
|b illustrations ;
|c 29 cm.
|
| 336 |
|
|
|a text
|b txt
|2 rdacontent
|
| 337 |
|
|
|a unmediated
|b n
|2 rdamedia
|
| 338 |
|
|
|a volume
|b nc
|2 rdacarrier
|
| 504 |
|
|
|a Includes bibliographical references (pages 603-606) and index.
|
| 505 |
0 |
|
|a About the editorial cartoons -- About TimesReference from QC Press -- Introduction -- Franklin Pierce, 1853-1857 -- James Buchanan, 1857-1861 -- Abraham Lincoln, 1861-1865 -- Andrew Johnson, 1865-1869 -- Ulysses S. Grant, 1869-1877 -- Rutherford B. Hayes, 1877-1881 -- James A. Garfield, 1881 -- Chester A. Arthur, 1881-1885 -- Grover Cleveland, 1885-1889, 1893-1897 -- Benjamin Harrison, 1889-1893 -- William McKinley, 1893-1901 -- Theodore Roosevelt, 1901-1909 -- William Howard Taft, 1909-1913 -- Woodrow Wilson, 1913-1921 -- Warren G. Harding, 1921-1923 -- Calvin Coolidge, 1923-1929 -- Herbert Hoover, 1929-1933 -- Franklin Delano Roosevelt, 1933-1945 -- Harry S. Truman, 1945-1953 -- Dwight D. Eisenhower, 1953-1961 -- John F. Kennedy, 1961-1963 -- Lyndon B. Johnson, 1963-1969 -- Richard Nixon, 1969-1974 -- Gerald R. Ford, 1974-1977 -- Jimmy Carter, 1977-1981 -- Ronald Reagan, 1981-1989 -- George H.W. Bush, 1989-1993 -- Bill Clinton, 1993-2001 -- George W. Bush, 2001 -- Selected readings -- Index.
|
| 650 |
|
0 |
|a Presidents
|x Press coverage
|z United States
|x History.
|
| 630 |
0 |
0 |
|a New York times.
|
| 650 |
|
0 |
|a Government and the press
|z United States
|x History.
|
| 651 |
|
0 |
|a United States
|x Politics and government.
|
| 938 |
|
|
|a YBP Library Services
|b YANK
|n 2808196
|
| 945 |
|
|
|a PromptCat
|b 581562
|
| 946 |
|
|
|a stk
|
| 947 |
|
|
|a A14837415429
|
| 994 |
|
|
|a 92
|b TXA
|
| 948 |
|
|
|a cataloged
|b h
|d 2009/1/7
|h c
|e asalazar
|f 1:18:20 pm
|
| 999 |
|
|
|a MARS
|
| 999 |
f |
f |
|s b88404f6-a8dd-3e02-b21b-2e30daa6bd61
|i 3358e10e-ac71-3d4f-94a1-12dcb28761a2
|t 0
|
| 952 |
f |
f |
|p ric
|a Texas A&M University
|b Rellis Campus
|c Joint Library Facility
|d Remote Storage
|t 0
|e JK554 .B67 2009
|h Library of Congress classification
|i unmediated -- volume
|m A14837415429
|
| 998 |
f |
f |
|a JK554 .B67 2009
|t 0
|l Remote Storage
|